000 00839nam a2200241Ia 4500
003 OSt
005 20220918110755.0
006 a|||||r|||| 00| 0
007 ta
008 220915b |||||||| |||| 00| 0 hin d
024 _a207978
037 _cReference Collections
040 _aARTS
_cARTS
_bhin
041 _2hin
_ahin
082 _aP152k, M6;P8.1-.25(RR)
100 _aवसु, नगेन्द्र नाथ
_99477
245 0 _aहिन्दी विश्व कोश
246 _aHindī vishva kosha
260 _aदिल्ली
_bबी0 आर0 पब्लि0 कार्पोरेशन भारत
_c1985
490 _vखण्ड 1
942 _hP152k, M6;P8.1-.25(RR)
_cREF
999 _c114611
_d114611